Niederländische Torschützen bei der Fußball-Europameisterschaft 2020 - Statistiken

Allgemein
  • Dieses Quiz wurde 17 mal gespielt
  • Das Durchschnittsergebnis liegt bei 4 aus 8
Antwortstatistiken
Spiel Minute Torschütze % Korrekt
Niederlande - Österreich 2-0 11' Memphis Depay
87%
Nordmazedonien - Niederlande 0-3 24' Memphis Depay
87%
Niederlande - Ukraine 3-2 59' Wout Weghorst
67%
Niederlande - Ukraine 3-2 52' Georginio Wijnaldum
47%
Nordmazedonien - Niederlande 0-3 51' Georginio Wijnaldum
47%
Nordmazedonien - Niederlande 0-3 58' Georginio Wijnaldum
47%
Niederlande - Ukraine 3-2 85' Denzel Dumfries
33%
Niederlande - Österreich 2-0 67' Denzel Dumfries
33%
Keine übereinstimmenden Quizze gefunden
Verteilung der Resultate
Anzahl Personen mit jedem Resultat
Perzentil nach korrekt beantworteten Fragen
Ihre Resultats-Entwicklung
Sie haben dieses Quiz noch nicht gespielt